000 00801nam a2200241Ia 4500
003 OSt
005 20220925203421.0
006 a|||||r|||| 00| 0
007 ta
008 220923b |||||||| |||| 00| 0 eng d
020 _a9780822352334
_c1118.45
037 _b4830, 14/12/2012, RAJKIRAN BOOK AGENCY
_cGeneral Book
040 _aRTL
_cRTL
_beng
041 _2eng
_aeng
082 _aY9(W):434.7913, Q2
100 _aAUYERO Javier
_9265936
245 0 _aPatients of the state
_bThe politics of waiting in Argentina.
260 _aDurham
_bDuke University Press
_c2012
300 _axii,196p. Bib: p 175-189
_ccm.
650 _aSociology
942 _hY9(W):434.7913, Q2
_cGB
_2CC
999 _c546338
_d546338